000 00645nam a2200193Ia 4500
003 GCL
008 140319s9999 xx 000 0 ara d
040 _aGCL /
_cGCL
082 0 4 _a150
_bى ك
100 1 _aيوسف مراد
245 1 0 _aالكتاب السنوى فى علم النفس المجلد الاول /
_cيوسف مراد
300 _a524 ص
490 _aمنشورات جماعة علم النفس التكاملى
_v0
650 0 4 _aعلم النفس
650 0 4 _aالاختبارات النفسية
650 0 4 _aالاختبارات الشخصية
650 0 4 _aالاختبارات الاسقاطية
942 _2ddc
_cBK
999 _c40767
_d40767